| 000 | 00626nam a22002173a 4500 | ||
|---|---|---|---|
| 005 | 20240910063709.0 | ||
| 008 | 010522s2001 ag r 000 0 spa d | ||
| 020 | _a9507017747 | ||
| 035 | _aUPN01000148920 | ||
| 049 | _aCG | ||
| 050 | 4 |
_aLB1065 _bH8.5 2001 |
|
| 100 | 1 | _aHuertas, Juan Antonio | |
| 245 | 1 | 0 |
_aMotivación : _bquerer aprender / _cJuan Antonio Huertas. |
| 250 | _a2a ed. | ||
| 260 |
_aBuenos Aires : _bAique, _c2001. |
||
| 300 | _a294 p. | ||
| 440 | 0 | _aPsicología cognitiva y educación | |
| 650 | 4 |
_aMotivación en la educación _97552 |
|
| 650 | 7 |
_aMotivación (Psicología) _2 _95909 |
|
| 905 | _aLibro | ||
| 999 |
_c121061 _d121061 |
||